Sylvia ou la nymphe de Diane (Record no. 170183)

MARC details
000 -LEADER
campo de control de longitud fija 00673nam a22001935i 4500
001 - NÚMERO DE CONTROL
campo de control 170183
003 - IDENTIFICADOR DE NÚMERO DE CONTROL
campo de control ES-MaACL
005 - FECHA Y HORA DE LA ÚLTIMA TRANSACCIÓN
campo de control 20230906214319.0
008 - DATOS DE LONGITUD FIJA--INFORMACIÓN GENERAL
campo de control de longitud fija 090210s1876 fr |||| | fre d
080 ## - NÚMERO DE LA CLASIFICACIÓN DECIMAL UNIVERSAL
Número de la Clasificación Decimal Universal 78.085.5
100 1# - ENTRADA PRINCIPAL--NOMBRE DE PERSONA
Nombre de persona Barbier, Jules.
9 (RLIN) 25457
245 10 - MENCIÓN DEL TÍTULO
Título Sylvia ou la nymphe de Diane
Resto del título : ballet en deux actes, quatre tableaux /
Mención de responsabilidad, etc. par Jules Barbier et Mérante ; musique de Léo Delibes.
260 ## - PUBLICACIÓN, DISTRIBUCIÓN, ETC.
Lugar de publicación, distribución, etc. Paris :
Nombre del editor, distribuidor, etc. Calman Lévy,
Fecha de publicación, distribución, etc. 1876.
300 ## - DESCRIPCIÓN FÍSICA
Extensión 28 p. ;
Dimensiones 19 cm.
650 14 - PUNTO DE ACCESO ADICIONAL DE MATERIA--TÉRMINO DE MATERIA
Término de materia o nombre geográfico como elemento de entrada Ballets.
9 (RLIN) 139399
700 1# - ENTRADA AGREGADA--NOMBRE PERSONAL
Nombre de persona Mérante, Louis.
9 (RLIN) 139401
700 1# - ENTRADA AGREGADA--NOMBRE PERSONAL
Nombre de persona Delibes, Léo.
9 (RLIN) 126744
852 ## - LOCALIZACIÓN
Ubicación ES-MaACL
Número de control de estantería 2247-F-5
itemnumber R.141009
Nota libre .- Biblioteca Jacinto Martínez Lacalle
Holdings
Estatus retirado Estado de pérdida Estado de daño No para préstamo Colección Biblioteca de origen Biblioteca actual Ubicación en estantería Fecha de adquisición Fuente de adquisición Total de préstamos Signatura topográfica completa Código de barras Visto por última vez Precio de reemplazo Tipo de ítem Koha
        Colección de folletos Biblioteca del Ateneo de Madrid Biblioteca del Ateneo de Madrid Depósito folletos 10/02/2009     2247-F-5 1178668 23/02/2023 23/02/2023 Folleto